Statistics for Jojo's Bizarre Adventure

Click here to take the quiz!

General Stats

  • This quiz has been taken 68 times
  • The average score is 10 of 15

Answer Stats

HintAnswer% Correct
Saw his mom nakedJoseph Joestar
87%
Son of Geroge Joestar, he is a gentlemanJonathan Joestar
85%
A marine biologistJotaro Kujo
85%
Wants to reach heavenPucci
82%
Has 3 biological parentsGiorno Giovanna
73%
Wierd FetishKira
71%
Perfect lifeformKars
67%
Old manDio
64%
Sells drugsDiavolo
62%
Make America great againFunny Valentine
62%
16 year old delinquentJosuke Higashikata
62%
Best partPart 7
60%
Wants to save her dadJolyne Kujo
53%
Wierd FetishJohnny Joestar
29%
4 BallsGappy
25%

Score Distribution

Percentile by Number Answered

Percent of People with Each Score

Your Score History

You have not taken this quiz